S přehrátým trhem nebojujeme, hledáme jiné cesty
Spôsoby ako získať vhodných a udržať si dobrých zamestnancov - na príklade troch firiem v Česku. Peniaze nehrajú zásadnú rolu, skrytá motivácia - čas strávený na ceste do práce, uznanie v práci, flexibilita, kariérny rast, možnosť vzdelávania, rozmanitosť práce, zákon absolútnej demokracie ...
Enregistré dans:
| Auteur principal: | |
|---|---|
| Format: | Chapitre de livre |
| Langue: | tchèque |
| Sujets: | |
| Tags: |
Pas de tags, Soyez le premier à ajouter un tag!
|
MARC
| LEADER | 00000naa a2200000 4500 | ||
|---|---|---|---|
| 001 | 0226215 | ||
| 005 | 20231113135210.7 | ||
| 041 | 0 | |a cze | |
| 044 | |a CZ | ||
| 245 | 1 | 0 | |a S přehrátým trhem nebojujeme, hledáme jiné cesty |c Alena Červenková |
| 520 | |a Spôsoby ako získať vhodných a udržať si dobrých zamestnancov - na príklade troch firiem v Česku. Peniaze nehrajú zásadnú rolu, skrytá motivácia - čas strávený na ceste do práce, uznanie v práci, flexibilita, kariérny rast, možnosť vzdelávania, rozmanitosť práce, zákon absolútnej demokracie ... | ||
| 610 | 2 | 0 | |a firmy |
| 610 | 2 | 0 | |a zamestnanci |
| 610 | 2 | 0 | |a nábor pracovníkov |
| 610 | 2 | 0 | |a platy |
| 610 | 2 | 0 | |a spokojnosť v práci |
| 610 | 2 | 0 | |a motivácia pracovná |
| 100 | 1 | |a Červenková, Alena | |